UD Las Palmas Squad 2024-2025 - Statistics

General Stats
  • This quiz has been taken 144 times
    49 since last reset
  • The average score is 21 of 32
Answer Stats
# Position Nation Player % Correct
1 GK Netherlands Jasper Cillessen
94%
10 MF Spain Alberto Moleiro
91%
37 FW Portugal Fábio Silva
91%
16 FW Scotland Oli McBurnie
91%
15 DF Scotland Scott McKenna
91%
19 FW Spain Sandro Ramírez
85%
29 MF Portugal Dário Essugo
79%
12 MF France Enzo Loiodice
79%
20 MF Spain Kirian Rodríguez
79%
4 DF Spain Alex Suárez
76%
24 FW Belgium Adnan Januzaj
73%
3 DF Spain Mika Mármol
73%
- Coach Spain Diego Martínez
70%
13 GK Croatia Dinko Horkaš
70%
8 MF Spain José Campaña
70%
23 DF Spain Álex Muñoz
67%
5 MF Spain Javi Muñoz
67%
11 FW Spain Benito Ramírez
64%
25 GK Spain Álvaro Valles
61%
6 MF Spain Fabio González
61%
22 DF Netherlands Daley Sinkgraven
55%
9 FW Spain Marc Cardona
55%
2 FW Spain Marvin Park
55%
21 MF Spain Stefan Bajčetić
55%
17 FW Spain Jaime Mata
52%
18 FW Spain Viti Rozada
52%
7 FW Spain Pejiño
48%
28 DF Spain Juanma Herzog
45%
6 DF France Andy Pelmard
39%
- Coach Spain Luis Miguel Carrión
39%
14 FW Spain Manu Fuster
39%
21 MF Spain Iván Gil
24%
No matching quizzes found
Score Distribution
Percent of People with Each Score
Percentile by Number Answered
Your Score History
You have not taken this quiz since the last reset